LIBRARY & INFORMATION CENTRE, KCAET, TAVANUR

ONLINE PUBLIC ACCESS CATALOGUE (OPAC)

Paths of planned economy in India (Record no. 11211)

MARC details
000 -LEADER
fixed length control field 00350cam a2200157ua 4500
041 ## - LANGUAGE CODE
Language code of text/sound track or separate title eng
082 ## - DEWEY DECIMAL CLASSIFICATION NUMBER
Classification number 330.954
Item number SAR/PA
100 ## - MAIN ENTRY--AUTHOR NAME
Personal name Salva seva sngh prakashan, .
245 00 - TITLE STATEMENT
Title Paths of planned economy in India
300 ## - PHYSICAL DESCRIPTION
Number of Pages 88 ; .
942 ## - ADDED ENTRY ELEMENTS (KOHA)
Koha item type Books
Holdings
Withdrawn status Lost status Damaged status Home library Current library Date acquired Full call number Accession Number Koha item type
Withdrawn   Damaged KAUAET KAUAET 07/04/2012 330.954 12071 Books
free website counter